000 00543nam a22002177a 4500
005 20250529123752.0
008 250418b |||||||| |||| 00| 0 eng d
020 _a9781266183423
040 _cSDCL
041 _2eng
_aeng
084 _aX:72 R4
100 _aColander, David C.
_9243354
245 _aMacroeconomics
250 _a12th ed.
260 _aNew York :
_bMcGraw-Hill Education,
_c2024.
300 _axxxiii,509+V.P.
500 _aIncludes index
650 _aEconomics
650 _aMacroeconomics
942 _2CC
_cTEXL
999 _c1309153
_d1309153